Lenguaje 1
Gespeichert in:
| Weitere Verfasser: | , , |
|---|---|
| Format: | Buch |
| Sprache: | Spanisch |
| Erschienen: |
Madrid
Anaya
1981
|
| Katalog: | GEI: Suchergebnis im Bibliothekskatalog |
| Schulbuchspezifische Eigenschaften: |
|
| Schlagworte: | |
| Tags: |
Tag hinzufügen
Keine Tags, Fügen Sie den ersten Tag hinzu!
|
| Hinzugefügt zu: | 31.05.2012 |
| Geändert in: | 10.03.2012 |
MARC
| LEADER | 00000cam a22000002cc4500 | ||
|---|---|---|---|
| 001 | 716634562 | ||
| 003 | DE-627 | ||
| 005 | 20251207053154.0 | ||
| 007 | tu | ||
| 008 | 120601s1981 sp ||||| 00| ||spa c | ||
| 020 | |a 8420720399 |9 84-207-2039-9 | ||
| 035 | |a (DE-627)716634562 | ||
| 035 | |a (DE-599)GBV716634562 | ||
| 035 | |a (OCoLC)839825790 | ||
| 040 | |a DE-627 |b ger |c DE-627 |e rakwb | ||
| 041 | |a spa | ||
| 044 | |c XA-ES | ||
| 084 | |a 30 |2 ssgn | ||
| 084 | |a f2013:0021 |2 isced | ||
| 084 | |a p2011:1 |2 isced | ||
| 245 | 0 | 0 | |a Lenguaje |n 1 |c Andrés Meńdez; Josefa Garcia; M. Teresa Mérida |
| 264 | 1 | |a Madrid |b Anaya |c 1981 | |
| 300 | |a 237 S. | ||
| 336 | |a Text |b txt |2 rdacontent | ||
| 337 | |a ohne Hilfsmittel zu benutzen |b n |2 rdamedia | ||
| 338 | |a Band |b nc |2 rdacarrier | ||
| 583 | 1 | |a Archivierung prüfen |c 20240324 |f DE-4165 |z 1 |2 pdager | |
| 655 | 7 | |a Schulbuch |0 (DE-588)4053458-3 |0 (DE-627)104383704 |0 (DE-576)209103922 |2 gnd-content | |
| 689 | 0 | 0 | |D s |0 (DE-588)4070935-8 |0 (DE-627)106099035 |0 (DE-576)209182334 |a Erstleseunterricht |2 gnd |
| 689 | 0 | 1 | |D s |0 (DE-588)4022349-8 |0 (DE-627)106309366 |0 (DE-576)208943153 |a Grundschule |2 gnd |
| 689 | 0 | 2 | |D g |0 (DE-588)4055964-6 |0 (DE-627)104616806 |0 (DE-576)209116080 |a Spanien |2 gnd |
| 689 | 0 | |5 (DE-627) | |
| 700 | 1 | |a Meńdez Garcia, Andrés |4 oth | |
| 700 | 1 | |a Garcia, Josefa |4 oth | |
| 700 | 1 | |a Mérida, M. Teresa |4 oth | |
| 773 | 1 | 8 | |w (DE-627)716634481 |w (DE-576)971663448X |g 1 |q 1.1981 |7 nnam |
| 912 | |a GBV_ILN_216 | ||
| 912 | |a ISIL_DE-Bs78 | ||
| 912 | |a SYSFLAG_1 | ||
| 912 | |a GBV_KXP | ||
| 951 | |a MV | ||
| 980 | |2 216 |1 01 |x 3708 |b 1307135978 |c 00 |f --%%-- |d E E-34(1,81)1 |e u |j --%%-- |h 011.10.0034.0001.00.1981.001. |y rsb |z 11-03-12 | ||
| 982 | |2 216 |1 00 |x DE-Bs78 |8 00 |a EGB Educación General Básica | ||
| 983 | |2 216 |1 00 |x DE-Bs78 |8 00 |a l011 | ||
| 983 | |2 216 |1 00 |x DE-Bs78 |8 00 |a z505 | ||
| 983 | |2 216 |1 00 |x DE-Bs78 |8 00 |a dsb | ||
| 985 | |2 216 |1 01 |x 3708 |a 87/3170 | ||
| 995 | |2 216 |1 01 |x 3708 |a 011.10.0034.0001.00.1981.001. | ||